Sefer Bet Yedidyah ... (Record no. 32814)
[ view plain ]
| 000 -LEADER | |
|---|---|
| fixed length control field | 00945cam a22002531 4500 |
| 001 - CONTROL NUMBER | |
| control field | he 67002525 |
| 003 - CONTROL NUMBER IDENTIFIER | |
| control field | DLC |
| 005 - DATE AND TIME OF LATEST TRANSACTION | |
| control field | 20260227111452.0 |
| 008 - FIXED-LENGTH DATA ELEMENTS--GENERAL INFORMATION | |
| fixed length control field | 880629m19031906xx 000 0 heb |
| 010 ## - LIBRARY OF CONGRESS CONTROL NUMBER | |
| LC control number | he 67002525 |
| 035 ## - SYSTEM CONTROL NUMBER | |
| System control number | (OCoLC)18151688 |
| 040 ## - CATALOGING SOURCE | |
| Original cataloging agency | DLC |
| Transcribing agency | CoDU |
| Modifying agency | CoDU |
| -- | OCoLC |
| -- | DLC |
| 042 ## - AUTHENTICATION CODE | |
| Authentication code | premarc |
| 050 00 - LIBRARY OF CONGRESS CALL NUMBER | |
| Classification number | BM522.85 |
| Item number | .H6 1903 |
| 100 1# - MAIN ENTRY--PERSONAL NAME | |
| Personal name | Shoḥeṭ, Shaʼul Yedidyah. |
| 240 10 - UNIFORM TITLE | |
| Uniform title | Bet Yedidyah |
| 245 10 - TITLE STATEMENT | |
| Title | Sefer Bet Yedidyah ... |
| Remainder of title | sheʼelot u-teshuvot ... ʻal arbaʻah ḥelḳe Shulḥan ʻArukh ... |
| Statement of responsibility, etc. | mi-meni Shaʼul Yedidyah Shoḥeṭ. |
| 260 ## - PUBLICATION, DISTRIBUTION, ETC. | |
| Place of publication, distribution, etc. | Piʻetrokov, |
| Name of publisher, distributor, etc. | bi-defus M. Tsedeboym, |
| Date of publication, distribution, etc. | 1903-1906. |
| 300 ## - PHYSICAL DESCRIPTION | |
| Extent | 2 v. |
| Dimensions | 35 cm. |
| 500 ## - GENERAL NOTE | |
| General note | "Sefer Tifʼeret Ḥayim ʻal ha-Shas u-posḳim, mi-khevod ... Avraham Ḥayim Shoḥet." (v. 2., p. [147]-154) has special t.p. |
| 650 #0 - SUBJECT ADDED ENTRY--TOPICAL TERM | |
| Topical term or geographic name entry element | Responsa |
| Chronological subdivision | 1800-1948. |
| 630 00 - SUBJECT ADDED ENTRY--UNIFORM TITLE | |
| Uniform title | Talmud |
| Form subdivision | Commentaries. |
| 700 1# - ADDED ENTRY--PERSONAL NAME | |
| Personal name | Shoḥet, Abraham Ḥayyim. |
| Title of a work | Tifʼeret Ḥayim. |
No items available.